[Event "Scarborough CC Winter End U1800"]
[Site "Toronto"]
[Date "2012.02.16"]
[Round "1"]
[White "Kurkowski, Ken"]
[Black "Cui, Gordon"]
[Result "1-0"]
[WhiteElo "1598"]
[BlackElo "1388"]
[PlyCount "117"]
[EventDate "2012.02.16"]
[EventType "swiss"]
[EventRounds "5"]
[EventCountry "CAN"]
[SourceTitle "EXT 2022"]
[Source "ChessBase"]
[SourceDate "2021.10.06"]
[SourceVersion "1"]
[SourceVersionDate "2021.10.06"]
[SourceQuality "1"]

1. d4 d5 2. c4 dxc4 3. Nf3 Nf6 4. e3 e6 5. Bxc4 c5 6. 0-0 Nc6 7. Nc3 Be7 8. dxc5 Qxd1 9. Rxd1 Bxc5 10. a3 0-0 11. b4 Be7 12. Bb2 e5 13. h3 Bf5 14. Nd5 Nxd5 15. Bxd5 e4 16. Nd4 Nxd4 17. Bxd4 Rfb8 18. Be5 Re8 19. Bxb7 Rad8 20. Rac1 Rd3 21. Rxd3 exd3 22. Bd4 Bf6 23. Bxf6 gxf6 24. Rd1 Rd8 25. e4 Be6 26. Bd5 Kf8 27. Rxd3 Bxd5 28. exd5 Ke7 29. f4 Kd6 30. Kf2 Re8 31. Kf3 f5 32. g4 fxg4+ 33. hxg4 Re1 34. g5 Re7 35. Re3 a6 36. Rxe7 Kxe7 37. Ke4 f6 38. a4 fxg5 39. fxg5 Kf7 40. Kf5 Ke7 41. b5 axb5 42. axb5 Kd6 43. b6 Kd7 44. b7 Kc7 45. Ke6 Kxb7 46. Ke7 Kc7 47. d6+ Kc8 48. d7+ Kc7 49. d8Q+ Kc6 50. Ke6 Kc5 51. Qd5+ Kb4 52. Qc6 Kb3 53. Qc5 Kb2 54. Qc4 Kb1 55. Qe2 Kc1 56. Kd5 Kb1 57. Kc4 h5 58. Kb3 Kc1 59. Qc2# 1-0

[Event "Scarborough CC Frost U1800"]
[Site "Toronto"]
[Date "2012.02.02"]
[Round "5"]
[White "Cui, Gordon"]
[Black "Paterson, Jim"]
[Result "0-1"]
[WhiteElo "1379"]
[BlackElo "1831"]
[PlyCount "88"]
[EventDate "2012.01.05"]
[EventType "swiss"]
[EventRounds "6"]
[EventCountry "CAN"]
[SourceTitle "EXT 2022"]
[Source "ChessBase"]
[SourceDate "2021.10.06"]
[SourceVersion "1"]
[SourceVersionDate "2021.10.06"]
[SourceQuality "1"]

1. e4 Nf6 2. Nc3 e5 3. Nf3 d6 4. Bc4 Bg4 5. d3 Be7 6. Bg5 Nbd7 7. h3 Be6 8. Bb3 Nf8 9. Ne2 h6 10. Bh4 c6 11. Qd2 Qc7 12. g4 g5 13. Bg3 Ng6 14. h4 Bxg4 15. hxg5 Bxf3 16. gxf6 Bxh1 17. fxe7 Qxe7 18. Qe3 Qf6 19. 0-0-0 Bf3 20. Rg1 Bxe2 21. Qxe2 0-0-0 22. Qg4+ Kb8 23. Rh1 Qg5+ 24. Qxg5 hxg5 25. Rxh8 Nxh8 26. Kd2 f6 27. Ke3 Ng6 28. d4 Nf4 29. Bxf4 gxf4+ 30. Kd3 Kc7 31. c3 Rh8 32. Be6 Rh2 33. Ke2 b5 34. Kf3 Rh4 35. b3 c5 36. dxc5 dxc5 37. Bd5 Kd6 38. Kg2 Rg4+ 39. Kf3 Rg1 40. Ke2 f5 41. f3 fxe4 42. Bxe4 Rg2+ 43. Kd3 Rxa2 44. b4 c4# 0-1

[Event "Scarborough CC Frost U1800"]
[Site "Toronto"]
[Date "2012.01.12"]
[Round "2"]
[White "Radpey, Abdolreza"]
[Black "Cui, Gordon"]
[Result "1-0"]
[WhiteElo "1505"]
[BlackElo "1379"]
[PlyCount "86"]
[EventDate "2012.01.05"]
[EventType "swiss"]
[EventRounds "6"]
[EventCountry "CAN"]
[SourceTitle "EXT 2022"]
[Source "ChessBase"]
[SourceDate "2021.10.06"]
[SourceVersion "1"]
[SourceVersionDate "2021.10.06"]
[SourceQuality "1"]

1. Nf3 Nc6 2. c4 e5 3. Nc3 Nf6 4. e4 d6 5. Be2 Be7 6. d4 exd4 7. Nxd4 Bd7 8. a3 a5 9. 0-0 0-0 10. Be3 Re8 11. h3 h6 12. Bd3 Nxd4 13. Bxd4 c5 14. Be3 Qb6 15. Qc2 Nh7 16. Nd5 Qc6 17. e5 Nf8 18. Be4 Qc8 19. Nb6 Qc7 20. Nxa8 Rxa8 21. exd6 Bxd6 22. f4 Re8 23. Rae1 Kh8 24. Bc1 Ne6 25. g3 Nd4 26. Qg2 b5 27. Bd5 Rxe1 28. Rxe1 Qc8 29. g4 Qd8 30. Be3 bxc4 31. Bxc4 Bc6 32. Bd5 Bxd5 33. Qxd5 Qh4 34. Bf2 Qf6 35. Re8+ Kh7 36. Qe4+ g6 37. Bg3 c4 38. Kg2 Ne6 39. Qxc4 Qxb2+ 40. Bf2 Nxf4+ 41. Kf3 Qxa3+ 42. Re3 Qb2 43. Qxf7+ Qg7 1-0

[Event "Canadian op U1600 48th"]
[Site "Toronto"]
[Date "2011.07.17"]
[Round "9"]
[White "Termeer, Ted"]
[Black "Cui, Gordon"]
[Result "1-0"]
[WhiteElo "1403"]
[BlackElo "1303"]
[PlyCount "89"]
[EventDate "2011.07.09"]
[EventType "swiss"]
[EventRounds "9"]
[EventCountry "CAN"]
[SourceTitle "EXT 2022"]
[Source "ChessBase"]
[SourceDate "2021.10.06"]
[SourceVersion "1"]
[SourceVersionDate "2021.10.06"]
[SourceQuality "1"]

1. Nf3 Nc6 2. d4 d5 3. e3 Bg4 4. Be2 Nf6 5. Nc3 e6 6. a3 Bd6 7. Nb5 Ne4 8. Nxd6+ Qxd6 9. c3 0-0 10. Nd2 Bf5 11. f3 Nxd2 12. Bxd2 Na5 13. b4 Nc4 14. Bxc4 dxc4 15. e4 Bg6 16. 0-0 e5 17. d5 Rad8 18. Be3 Qe7 19. Bc5 Qg5 20. Bxf8 Kxf8 21. Qe2 b5 22. a4 a6 23. axb5 axb5 24. Rfd1 Qf6 25. Ra5 Qb6+ 26. Qf2 Qxf2+ 27. Kxf2 c6 28. d6 Ke8 29. Ra7 f5 30. Re7+ Kf8 31. Rxe5 fxe4 32. fxe4 Kf7 33. Ke3 Kf6 34. Rc5 Rf8 35. Rd4 Bf7 36. Rxc6 Be6 37. d7 Rd8 38. Rb6 Ke7 39. Rxb5 Bxd7 40. Rg5 g6 41. Rxc4 Be6 42. Rc7+ Kf8 43. Rgc5 h5 44. b5 g5 45. b6 1-0

[Event "Canadian op U1600 48th"]
[Site "Toronto"]
[Date "2011.07.11"]
[Round "3"]
[White "Cui, Gordon"]
[Black "McRoberts, Julian"]
[Result "1/2-1/2"]
[WhiteElo "1303"]
[BlackElo "1492"]
[PlyCount "60"]
[EventDate "2011.07.09"]
[EventType "swiss"]
[EventRounds "9"]
[EventCountry "CAN"]
[SourceTitle "EXT 2022"]
[Source "ChessBase"]
[SourceDate "2021.10.06"]
[SourceVersion "1"]
[SourceVersionDate "2021.10.06"]
[SourceQuality "1"]

1. e4 e6 2. d4 d5 3. Nc3 Bb4 4. e5 c5 5. dxc5 Bxc5 6. Bb5+ Nc6 7. Nf3 Nge7 8. Na4 Qa5+ 9. Nc3 Ng6 10. 0-0 Bd7 11. Re1 Ncxe5 12. Bxd7+ Nxd7 13. Qxd5 0-0-0 14. Qc4 Qc7 15. Be3 Bxe3 16. Qxc7+ Kxc7 17. Rxe3 a6 18. Ng5 Nde5 19. f4 h6 20. Nxe6+ fxe6 21. fxe5 Ne7 22. Rf1 Nf5 23. Rd3 g5 24. Nd5+ Kc6 25. Nb4+ Kc5 26. Rxd8 Rxd8 27. Nd3+ Kb5 28. a4+ Kc4 29. b3+ Kd5 30. Rd1 Rc8 1/2-1/2

[Event "Canadian op U1600 48th"]
[Site "Toronto"]
[Date "2011.07.10"]
[Round "2"]
[White "Karpik, Steve"]
[Black "Cui, Gordon"]
[Result "0-1"]
[WhiteElo "1482"]
[BlackElo "1303"]
[PlyCount "52"]
[EventDate "2011.07.09"]
[EventType "swiss"]
[EventRounds "9"]
[EventCountry "CAN"]
[SourceTitle "EXT 2022"]
[Source "ChessBase"]
[SourceDate "2021.10.06"]
[SourceVersion "1"]
[SourceVersionDate "2021.10.06"]
[SourceQuality "1"]

1. Nf3 Nc6 2. c4 e5 3. Nc3 Nf6 4. d3 d5 5. cxd5 Nxd5 6. Nxd5 Qxd5 7. Bd2 Bg4 8. e4 Qb5 9. Bc3 Bb4 10. Be2 Bxf3 11. Bxf3 Qa5 12. Qd2 Nd4 13. Bd1 c5 14. 0-0 Rd8 15. a3 Nc6 16. Bb3 Bxc3 17. bxc3 b5 18. Qa2 0-0 19. Rfd1 Qxc3 20. Rac1 Qa5 21. Rxc5 Rxd3 22. Qb1 Qxa3 23. Rxd3 Qxc5 24. h3 Nd4 25. Bd5 Qc2 26. Qf1 Ne2+ 0-1

[Event "Scarborough CC-ch Reserves U1700"]
[Site "Toronto"]
[Date "2011.03.17"]
[Round "4"]
[White "Cui, Gordon"]
[Black "Guo, Tan"]
[Result "0-1"]
[WhiteElo "1286"]
[BlackElo "1463"]
[PlyCount "96"]
[EventDate "2011.02.24"]
[EventType "swiss"]
[EventRounds "9"]
[EventCountry "CAN"]
[SourceTitle "EXT 2022"]
[Source "ChessBase"]
[SourceDate "2021.10.06"]
[SourceVersion "1"]
[SourceVersionDate "2021.10.06"]
[SourceQuality "1"]

1. e4 d6 2. d4 Nf6 3. Nc3 g6 4. Bb5+ c6 5. Bd3 Bg7 6. Nf3 0-0 7. 0-0 Qc7 8. Be3 e5 9. dxe5 dxe5 10. Qd2 Re8 11. Bh6 Bh8 12. Nh4 Ng4 13. Nf5 Bxf5 14. exf5 Nxh6 15. Qxh6 Bg7 16. Qh3 Qd7 17. fxg6 hxg6 18. Qh4 Qe7 19. Qxe7 Rxe7 20. Rfe1 Nd7 21. Re2 Nc5 22. Bc4 b5 23. Bb3 a5 24. a3 Nxb3 25. cxb3 Rd8 26. f4 Rde8 27. Rae1 Kf8 28. g3 exf4 29. Rxe7 Rxe7 30. Rxe7 Kxe7 31. gxf4 Ke6 32. Kf2 b4 33. Na2 c5 34. axb4 axb4 35. Nc1 Bxb2 36. Nd3 Bd4+ 37. Kf3 Kd5 38. h4 f6 39. f5 gxf5 40. Nf4+ Kd6 41. h5 Ke7 42. Ng6+ Kf7 43. Kf4 c4 44. Nh8+ Kg7 45. Ng6 cxb3 46. Ne7 Be5+ 47. Ke3 b2 48. Nxf5+ Kh7 0-1

[Event "Toronto Howard Ridout Swiss U1700"]
[Site "Toronto"]
[Date "2010.09.23"]
[Round "3"]
[White "Veecock, Carl"]
[Black "Cui, Gordon"]
[Result "0-1"]
[WhiteElo "1462"]
[BlackElo "1363"]
[PlyCount "50"]
[EventDate "2010.09.09"]
[EventType "swiss"]
[EventRounds "6"]
[EventCountry "CAN"]
[SourceTitle "EXT 2022"]
[Source "ChessBase"]
[SourceDate "2021.10.06"]
[SourceVersion "1"]
[SourceVersionDate "2021.10.06"]
[SourceQuality "1"]

1. Nf3 Nc6 2. g3 e5 3. Nc3 Nf6 4. Bg2 Bc5 5. 0-0 d5 6. Nxe5 Nxe5 7. d4 Bxd4 8. Qxd4 Nc6 9. Qe3+ Be6 10. Qd2 0-0 11. b3 Re8 12. Bb2 Qd7 13. Rad1 Bh3 14. Rfe1 Bxg2 15. Kxg2 d4 16. Nb5 Qd5+ 17. f3 Qxb5 18. a4 Qb4 19. Qxb4 Nxb4 20. Rd2 Rad8 21. Kf2 c5 22. Red1 Nc6 23. c3 dxc3 24. Bxc3 Rxd2 25. Rxd2 Rd8 0-1